OPAC Home

Ars Asiatica : Documents Pour Servir a L'etude D'Ajanta (Record no. 93746)

MARC details
000 -LEADER
fixed length control field 00477nam a2200169Ia 4500
003 - CONTROL NUMBER IDENTIFIER
control field LK-CoDNM
005 - DATE AND TIME OF LATEST TRANSACTION
control field 20240726110521.0
008 - FIXED-LENGTH DATA ELEMENTS--GENERAL INFORMATION
fixed length control field 010623t1927 xxu||||| |||| 00| 1 fra d
040 ## - CATALOGING SOURCE
Original cataloging agency LK-CoDNM
Modifying agency LK-CoDNM
Description conventions LK-CoDNM
041 ## - LANGUAGE CODE
Language code of text/sound track or separate title
080 ## - UNIVERSAL DECIMAL CLASSIFICATION NUMBER
Universal Decimal Classification number 14
Item number BB21
942 ## - ADDED ENTRY ELEMENTS (KOHA)
Koha item type Books
100 ## - MAIN ENTRY--PERSONAL NAME
Personal name Goloubew,Victor.
245 ## - TITLE STATEMENT
Title Ars Asiatica : Documents Pour Servir a L'etude D'Ajanta
260 ## - PUBLICATION, DISTRIBUTION, ETC. (IMPRINT)
Name of publisher, distributor, etc. Librairie Nationale D'art D'Histoire
Place of publication, distribution, etc. Paris
Date of publication, distribution, etc. 1927
300 ## - PHYSICAL DESCRIPTION
Other physical details 48p. : ill ; 33 cm
Holdings
Withdrawn status Lost status Damaged status Not for loan Collection code Permanent Location Current Location Date acquired Full call number Barcode Koha item type
    Damaged   Old Books Collection Library National Museum Colombo - Sri Lanka Library National Museum Colombo - Sri Lanka 2024-07-26 14 BB21 OB3168 Books
Copyright © 2023 Department of National Museum, Colombo 07, Sri Lanka Funded by UNESCO IFAP UNESCO